XI Quart de Finale LDC 2025 - Statistiques

Statistiques générales
  • Ce quiz a été pris 383 fois
  • Le résultat moyen est 58 sur 88
Statistiques - réponses
Hint Nation Réponse % Correct
PSG Italie Donnarumma
96%
Barcelone Espagne Martin
95%
Real Madrid Belgique Courtois
94%
PSG France Dembele
94%
PSG France Doué
94%
PSG Maroc Hakimi
94%
PSG Brésil Marquinhos
94%
PSG Portugal Mendes
94%
PSG Portugal Neves
94%
PSG Equateur Pacho
94%
PSG Portugal Vitinha
94%
Aston Villa Argentine Martinez
93%
Inter Milan Argentine Martinez
93%
Real Madrid France Mbappe
93%
PSG Espagne Ruiz
93%
Real Madrid Brésil Vinicius
92%
Real Madrid Angleterre Bellingham
90%
Real Madrid France Tchouameni
90%
Real Madrid Uruguay Valverde
90%
Real Madrid Autriche Alaba
89%
Real Madrid Brésil Rodrygo
89%
Real Madrid Allemagne Rudiger
89%
Arsenal France Saliba
82%
Arsenal Norvège Odegaard
81%
Arsenal Espagne Raya
81%
PSG Géorgie Kvaratskhelia
79%
Barcelone Pologne Lewandowski
79%
Barcelone Pays-Bas De Jong
78%
Arsenal Angleterre Rice
78%
Barcelone Espagne Yamal
78%
Arsenal Angleterre Saka
77%
Barcelone France Kounde
76%
Arsenal Brésil Martinelli
76%
Barcelone Espagne Pedri
76%
Inter Milan Suisse Sommer
75%
Inter Milan France Thuram
75%
Barcelone Brésil Raphinha
74%
Arsenal Ghana Partey
73%
Barcelone Uruguay Araujo
72%
Bayern Angleterre Kane
71%
Aston Villa France Digne
69%
Dortmund Guinée Guirassy
69%
Bayern Corée du Sud Kim
69%
Inter Milan France Pavard
69%
Dortmund Suisse Kobel
68%
Bayern France Olise
68%
Arsenal Pays-Bas Timber
68%
Arsenal Espagne Merino
67%
Barcelone Espagne Cubarsi
66%
Aston Villa Pologne Cash
64%
Aston Villa France Kamara
63%
Inter Milan Italie Barella
62%
Inter Milan Italie Bastoni
62%
Inter Milan Italie Dimarco
62%
Aston Villa Belgique Tielemans
60%
Inter Milan Italie Acerbi
59%
Bayern Allemagne Kimmich
59%
Arsenal Pologne Kiwior
56%
Aston Villa Ecosse McGinn
56%
Bayern Allemagne Sane
56%
Aston Villa Angleterre Rashford
55%
Real Madrid Espagne Asensio
54%
Inter Milan Turquie Calhanoglu
54%
Aston Villa Espagne Torres
54%
Arsenal Angleterre Lewis Skelly
52%
Barcelone Espagne Olmo
52%
Real Madrid Espagne Vazquez
51%
Aston Villa Belgique Onana
50%
Barcelone Pologne Szczesny
50%
Bayern Allemagne Goretzka
49%
Inter Milan Arménie Mkhitaryan
49%
Dortmund Allemagne Adeyemi
47%
Dortmund Algérie Bensebaini
47%
Bayern Angleterre Dier
46%
Aston Villa Angleterre Konsa
46%
Bayern Autriche Laimer
46%
Bayern Allemagne Muller
42%
Aston Villa Angleterre Rogers
39%
Bayern Croatie Stanisic
36%
Dortmund Allemagne Sule
36%
Dortmund Brésil Couto
35%
Inter Milan Italie Darmian
32%
Dortmund Allemagne Nmecha
20%
Bayern Allemagne Urbig
19%
Dortmund Allemagne Anton
18%
Dortmund Allemagne Beier
14%
Dortmund Allemagne Gross
13%
Dortmund Suède Svensson
12%
Aucun quiz correspondant
Distribution des résultats
% des personnes avec chaque résultat
Percentile par nombre de réponses
Votre historique - résultats
Vous n’avez pas pris ce quiz